LEADER 00885nam0-22003011i-450- 001 990000542240403321 005 20001010 035 $a000054224 035 $aFED01000054224 035 $a(Aleph)000054224FED01 035 $a000054224 100 $a20001010d--------km-y0itay50------ba 101 0 $aita 105 $ay-------001yy 200 1 $aArte navale$eIII.$eElementi di costruzione navale per gli allievi capitani e macchinisti dei RR. Istituti TecnicoNautici del Regno$fF. Imperato , E. Imperato 205 $a2. ed. 210 $aMilano$cHoepli$d1935-XIII 215 $a22 cm$d214 p. 700 1$aImperato,$bFortunato$028998 702 1$aImperato,$bEnrico 801 0$aIT$bUNINA$gRICA$2UNIMARC 901 $aBK 912 $a990000542240403321 952 $a05 IN 39 109$b91$fDININ 959 $aDININ 996 $aArte navale$936082 997 $aUNINA DB $aING01 LEADER 00737nam2 22002291i 450 001 990007803660403321 035 $a000780366 035 $aFED01000780366 035 $a(Aleph)000780366FED01 035 $a000780366 100 $a20030801d--------km-y0itay50------ba 200 1 $a<>trasporto marittimo a mezzo contenitori:lagiurisprudenza italiana di fronte al dato normativo pp. 153-184 463 0$1001000766025 610 0 $a 701 1$aBoi,$bGiorgia M.$0231423 801 0$aIT$bUNINA$gRICA$2UNIMARC 901 $aBK 912 $a990007803660403321 959 $aDDCP 996 $aTrasporto marittimo a mezzo contenitori:lagiurisprudenza italiana di fronte al dato normativo pp. 153-184$9661769 997 $aUNINA DB $aGEN01 LEADER 01757nam a2200349 i 4500 001 991000696179707536 005 20020509174234.0 008 960614s1976 it 00| 0 ita d 035 $ab11396647-39ule_inst 035 $aPARLA213521$9ExL 040 $aDip.to scienze storiche$bita 082 0 $a711 082 0 $a307.720945 100 1 $aMioni, Alberto$0526038 245 13$aLe trasformazioni territoriali in Italia nella prima età industriale /$cAlberto Mioni 260 $aVenezia :$bMarsilio,$c1976 300 $a268 p. :$bill. ;$c21 cm 490 0 $aPolis : quaderni di architettura e urbanistica ;$v15 650 4$aPianificazione territoriale$zItalia$y1860-1940 650 4$aUrbanistica$zItalia$y1860-1940 651 4$aItalia$xSviluppo industriale$y1860-1940 907 $a.b11396647$b01-03-17$c01-07-02 912 $a991000696179707536 945 $aLE002 Ar. II C 8$g1$i2002000709370$lle002$o-$pE0.00$q-$rl$s- $t0$u1$v1$w1$x0$y.i10790731$z28-06-02 945 $aLE022 MP 121 D 31$g1$i2022000180665$lle022$o-$pE0.00$q-$rl$s- $t0$u0$v0$w0$x0$y.i13892654$z08-10-04 945 $aLE009 GEOG. 14.4-11$g1$i2009000054219$lle009$o-$pE0.00$q-$rn$so $t0$u0$v0$w0$x0$y.i11582960$z01-07-02 945 $aLE009 GEOG. 14.4-11bis$g1$i2009000054226$lle009$o-$pE0.00$q-$rl$s- $t0$u0$v0$w0$x0$y.i11582972$z01-07-02 945 $aLE009 GEOG. 14.4-11ter$g1$i2009000054233$lle009$o-$pE0.00$q-$rl$s- $t0$u0$v0$w0$x0$y.i11582984$z01-07-02 945 $aLE009 GEOG. 14.4-11quat.$g1$iLE009IGM-2836$lle009$o-$pE0.00$q-$rl$s- $t0$u0$v0$w0$x0$y.i11582996$z01-07-02 996 $aTrasformazioni territoriali in Italia nella prima età industriale$9817066 997 $aUNISALENTO 998 $ale002$ale022$a(4)le009$b01-01-96$cm$da $e-$fita$git $h3$i6